LEADER 01019nam a2200217 i 4500 001 000000201603 003 CaOOAMICUS 005 20110503000000.0 008 110503s1904 it u000 u ita u 013 $a180306 040 $aSeMil$bita 100 1 $aBallerini, Paolo,$c.$0(OLS)http://semarc/name/13798 245 10$aElementi di algebra :$bcolle aggiunte di aritmetica razionale giusta gli ultimi programmi del liceo /$cSac. Paolo Ballerini Dott. in Matematica, Prof. nel Seminario di Monza. 260 $aMonza :$bTip. Artigianelli,$c1904. 300 $a210 p. ;$c19 cm. 500 $aContiene : Appendice. 650 4$aAlgebra.$0(OLS)http://semarc/subject/4886 850 $aSeMil 852 $aSeMil$W1$xVenegono$y1$m3W V 189$j152129$B152129$CSeMilBibl$Z2$F163297 $81 996 $6245$aElementi di algebra :$bcolle aggiunte di aritmetica razionale giusta gli ultimi programmi del liceo$9(OLS)http://semarc/title/291762 996 $6260$aMonza :$bTip. Artigianelli$9(OLS)http://semarc/publisher/42105 LEADER 01271nam a2200217 i 4500 001 000000065905 003 CaOOAMICUS 005 20130530000000.0 008 130530s1888 xx u000 u lat u 013 $a37077 040 $aSeMil$bita 240 10$aDivi Thomae Aquinatis Summa contra gentiles.$0(OLS)http://semarc/title/104691 245 10$aDivi Thomae Aquinatis ordinis praedicatorum doctoris angelici a Leone 13. ... Summae contra gentiles libri quatuor ad lectionem codicis autographi in Bibliotheca Vaticana ... Volumen unicum. 260 $aRomae :$bEx Typographia Forzani et Socii,$c1888. 300 $aVII, 722 p. ;$c22 cm. 650 4$aTommaso : d'Aquino . Summa contra gentiles.$0(OLS)http://semarc/subject/3461 700 0 $aTommaso : d'Aquino,$c.$0(OLS)http://semarc/name/423 850 $aSeMil 852 $aSeMil$W1$xVenegono$y1$m2N II 46 FA$j32058$B32058$CSeMilBibl$Z2$F32061 $8I 996 $6245$aDivi Thomae Aquinatis ordinis praedicatorum doctoris angelici a Leone 13. ... Summae contra gentiles libri quatuor ad lectionem codicis autographi in Bibliotheca Vaticana ... Volumen unicum$9(OLS)http://semarc/title/104690 996 $6260$aRomae :$bEx Typographia Forzani et Socii$9(OLS)http://semarc/publisher/37466